[Event "53rd World U20 ch"]
[Site "Pune IND"]
[Date "2014.10.15"]
[Round "9.9"]
[White "Sunilduth Lyna, Narayanan"]
[Black "Vidit, Santosh Gujrathi"]
[Result "1/2-1/2"]
[WhiteElo "2420"]
[BlackElo "2635"]
[EventDate "2014.10.06"]
[PlyCount "104"]

1.d4 Nf6 2.c4 e6 3.Nf3 b6 4.g3 Bb7 5.Bg2 Be7 6.O-O O-O 7.Nc3 Na6 8.Bf4 Ne4
9.Nxe4 Bxe4 10.Qa4 Nb8 11.Rfd1 d6 12.Rac1 Qd7 13.Qb3 f5 14.c5 Bd5 15.Qc3 
Nc6 16.cxd6 cxd6 17.Ne1 Rac8 18.Bxd5 exd5 19.Qb3 Qe6 20.Qb5 Na5 21.Rxc8 
Rxc8 22.Rc1 Rf8 23.b3 g5 24.Bd2 f4 25.Nd3 Bf6 26.e3 fxe3 27.Bxe3 Qe4 28.
Nb4 Bxd4 29.Qxd5+ Qxd5 30.Nxd5 Bxe3 31.Nxe3 Nb7 32.g4 Nc5 33.Nf5 Re8 34.
Kf1 Nd3 35.Rd1 Nf4 36.Rd4 Re5 37.Rxd6 Re2 38.Rd8+ Kf7 39.Rd7+ Kf6 40.Rxa7 
Rb2 41.f3 Rxh2 42.Nd6 Ke5 43.Nc4+ Kd4 44.Rd7+ Kc5 45.Rc7+ Kd4 46.a4 Rc2 
47.Rxh7 Rc1+ 48.Kf2 Rc2+ 49.Ke1 Kc3 50.Rd7 Rc1+ 51.Kf2 Rc2+ 52.Kf1 Rc1+ 
1/2-1/2

[Event "53rd World U20 ch"]
[Site "Pune IND"]
[Date "2014.10.15"]
[Round "9.10"]
[White "Kriebel, Tadeas"]
[Black "Van Kampen, Robin"]
[Result "1-0"]
[WhiteElo "2428"]
[BlackElo "2641"]
[EventDate "2014.10.06"]
[PlyCount "79"]

1.e4 c5 2.Nf3 d6 3.d4 cxd4 4.Nxd4 Nf6 5.Nc3 a6 6.Be3 e6 7.Be2 Qc7 8.a3 b5 
9.g4 Bb7 10.f3 Be7 11.Qd2 Nc6 12.O-O-O O-O 13.h4 Na5 14.h5 Nd7 15.g5 Ne5 
16.f4 Nac4 17.Bxc4 Nxc4 18.Qd3 Rac8 19.f5 e5 20.Nde2 d5 21.exd5 b4 22.axb4
Bxb4 23.Rh4 Bc5 24.Rxc4 Bxe3+ 25.Qxe3 Qxc4 26.h6 Rfe8 27.hxg7 Qg4 28.f6 
Rcd8 29.Rg1 Qh4 30.Qg3 Qxg3 31.Nxg3 Bc8 32.Kd2 Rd6 33.Ke3 Bd7 34.Nge4 Rb6 
35.d6 Be6 36.Rd1 Rxb2 37.Nd5 Bxd5 38.Rxd5 Rb5 39.Rxb5 axb5 40.Ng3 1-0

[Event "53rd World U20 ch"]
[Site "Pune IND"]
[Date "2014.10.15"]
[Round "9.11"]
[White "Anurag, Mhamal"]
[Black "Duda, Jan-Krzysztof"]
[Result "0-1"]
[WhiteElo "2442"]
[BlackElo "2599"]
[EventDate "2014.10.06"]
[PlyCount "52"]

1.d4 d5 2.Nc3 Nf6 3.Bg5 Nbd7 4.Qd3 c5 5.e4 dxe4 6.Nxe4 c4 7.Qf3 Nxe4 8.
Qxe4 Qb6 9.Bc1 Nf6 10.Qh4 Bf5 11.c3 Rc8 12.Nf3 Qe6+ 13.Ne5 Nd5 14.Be2 f6 
15.Nf3 h5 16.h3 g5 17.Qg3 h4 18.Qh2 Bd3 19.Ng1 Qe4 20.Kf1 e6 21.g4 hxg3 
22.fxg3 Bd6 23.Bxd3 Qxd3+ 24.Ne2 Kd7 25.Ke1 Rh4 26.Qf2 Re4 0-1

[Event "53rd World U20 ch"]
[Site "Pune IND"]
[Date "2014.10.15"]
[Round "9.12"]
[White "Bok, Benjamin"]
[Black "Csonka, Balazs"]
[Result "1/2-1/2"]
[WhiteElo "2591"]
[BlackElo "2412"]
[EventDate "2014.10.06"]
[PlyCount "75"]

1.e4 e5 2.Nf3 Nc6 3.Bc4 Bc5 4.O-O Nf6 5.d3 a6 6.c3 Ba7 7.Nbd2 O-O 8.Bb3 d6
9.h3 Be6 10.Bc2 d5 11.Ng5 Bc8 12.Re1 d4 13.Nf1 h6 14.Nf3 Be6 15.Ng3 Qd6 
16.Bd2 Rad8 17.Nh4 Ne7 18.Qf3 Kh7 19.Nhf5 Nxf5 20.Nxf5 Bxf5 21.Qxf5+ g6 
22.Qf3 Nh5 23.c4 c6 24.b4 Bb8 25.c5 Qc7 26.g3 Qd7 27.Qg4 f5 28.exf5 Rxf5 
29.Kg2 Rdf8 30.Rf1 Nf6 31.Qe2 Qd5+ 32.f3 Nh5 33.Qe4 Qd7 34.Rae1 Nf6 35.Qe2
Nh5 36.Qe4 Nf6 37.Qe2 Nh5 38.Qe4 1/2-1/2

[Event "53rd World U20 ch"]
[Site "Pune IND"]
[Date "2014.10.15"]
[Round "9.13"]
[White "Ben Artzi, Ido"]
[Black "Indic, Aleksandar"]
[Result "0-1"]
[WhiteElo "2423"]
[BlackElo "2554"]
[EventDate "2014.10.06"]
[PlyCount "152"]

1.d4 Nf6 2.c4 c5 3.d5 e6 4.Nc3 exd5 5.cxd5 d6 6.Nf3 g6 7.Bf4 a6 8.a4 Bg7 
9.h3 O-O 10.e3 Ne8 11.Be2 Nd7 12.O-O Qe7 13.a5 h6 14.Nd2 Ne5 15.Bh2 f5 16.
Na4 Bd7 17.Nb6 Rb8 18.b4 cxb4 19.Rb1 Nc7 20.Rxb4 Nb5 21.Rb3 Be8 22.Qc2 g5 
23.Rc1 f4 24.Bxb5 Bxb5 25.exf4 gxf4 26.Qc7 Rbe8 27.Qxe7 Rxe7 28.Nc8 Rd7 
29.Nb6 Rdd8 30.Rc7 Rde8 31.g3 f3 32.Re3 h5 33.g4 Bh6 34.Bxe5 Bxe3 35.Bb2 
Bh6 36.g5 Rf5 37.Nxf3 Bf8 38.Kg2 Be2 39.Nd4 Rxg5+ 40.Kh2 Rg6 41.Ne6 Bh6 
42.Nd7 Rexe6 43.Rc8+ Kf7 44.dxe6+ Ke7 45.Bc1 Bxc1 46.Rxc1 Bf3 47.Rc3 Rg2+ 
48.Kh1 Rxf2+ 49.Kg1 Rg2+ 50.Kf1 Bd5 51.Nb6 Rd2 52.Ke1 Rd4 53.Rg3 Re4+ 54.
Kd2 Bc6 55.Nc8+ Kxe6 56.Rg6+ Kd5 57.Rxd6+ Kc5 58.Rh6 Rh4 59.Ke3 Rxh3+ 60.
Kf4 Rh1 61.Ne7 Kb5 62.Nxc6 bxc6 63.Kg3 c5 64.Kg2 Rd1 65.Rxh5 Kb4 66.Kf2 c4
67.Ke2 Rd6 68.Rh4 Kb3 69.Rh8 c3 70.Rb8+ Ka3 71.Rc8 Kb2 72.Rb8+ Kc1 73.Rb6 
Rd2+ 74.Ke1 Rb2 75.Rxa6 Kb1 76.Rc6 c2 0-1

[Event "53rd World U20 ch"]
[Site "Pune IND"]
[Date "2014.10.15"]
[Round "9.14"]
[White "Repka, Christopher"]
[Black "Kovalev, Vladislav"]
[Result "1-0"]
[WhiteElo "2418"]
[BlackElo "2548"]
[EventDate "2014.10.06"]
[PlyCount "77"]

1.Nf3 Nf6 2.d4 g6 3.c4 Bg7 4.g3 c5 5.Bg2 Qa5+ 6.Bd2 Qb6 7.dxc5 Qxc5 8.Qb3 
Ne4 9.Be3 Qa5+ 10.Nbd2 Nc6 11.O-O Nxd2 12.Bxd2 Qb6 13.Bc3 Qxb3 14.axb3 O-O
15.b4 Bxc3 16.bxc3 d6 17.Nd4 Ne5 18.c5 dxc5 19.bxc5 a5 20.Rfb1 Ra7 21.f4 
Nc4 22.Kf2 e5 23.Nb5 Ra6 24.Bd5 exf4 25.Bxc4 fxg3+ 26.hxg3 Rf6+ 27.Ke3 
Re8+ 28.Kd4 b6 29.Nd6 bxc5+ 30.Kxc5 Rd8 31.Nxf7 Rf5+ 32.Kb6 Rf6+ 33.Kc7 
Rf8 34.Rb8 Kg7 35.Rxa5 Re8 36.Rc5 Re3 37.Rxc8 Rxc3 38.Nd6 Rf1 39.e4 1-0

[Event "53rd World U20 ch"]
[Site "Pune IND"]
[Date "2014.10.15"]
[Round "9.15"]
[White "Ider, Borya"]
[Black "Abasov, Nijat"]
[Result "1-0"]
[WhiteElo "2394"]
[BlackElo "2528"]
[EventDate "2014.10.06"]
[PlyCount "135"]

1.d4 e6 2.g3 c5 3.Nf3 Nf6 4.Bg2 cxd4 5.Nxd4 d5 6.O-O e5 7.Nb3 Be7 8.Bg5 
Nbd7 9.c4 dxc4 10.N3d2 Nb6 11.Qc2 Qc7 12.a4 Be6 13.a5 Nbd5 14.Qa4+ Nd7 15.
Bxd5 Bxd5 16.Bxe7 Kxe7 17.Nc3 Be6 18.Nde4 f6 19.f4 exf4 20.Rxf4 Rhe8 21.
Qb4+ Kf7 22.Nb5 Qe5 23.Ned6+ Kg8 24.Nc7 Qe3+ 25.Rf2 Rf8 26.Nxa8 Rxa8 27.
Rd1 Nc5 28.Nxc4 Qg5 29.Nd6 Rd8 30.Qf4 Qh5 31.b4 Nb3 32.Qe3 Qe5 33.Qxe5 
fxe5 34.e3 Bg4 35.Rd5 Be6 36.Rd3 e4 37.Rd1 h5 38.Rb2 Bg4 39.Rf1 Rxd6 40.
Rxb3 Be2 41.Re1 Bd3 42.Rc3 b6 43.Rc7 bxa5 44.bxa5 a6 45.Rc5 Rh6 46.h4 Rg6 
47.Rg5 Rc6 48.Rxh5 Rc3 49.Rf5 Bb5 50.g4 Ra3 51.g5 Kh7 52.h5 Bd7 53.Rf7 Be8
54.g6+ Kh6 55.Rf8 Bb5 56.Rf5 Bd7 57.Re5 Bg4 58.Kf2 Ra2+ 59.Kg3 Bf3 60.Rc1 
Rg2+ 61.Kh3 Re2 62.Rc8 Bg4+ 63.Kxg4 Rg2+ 64.Kf5 Rf2+ 65.Ke6 Rf8 66.Rc7 Rc8
67.Rf7 Rc1 68.Rxe4 1-0

[Event "53rd World U20 ch"]
[Site "Pune IND"]
[Date "2014.10.15"]
[Round "9.16"]
[White "Rajpara, Ankit"]
[Black "Koksal, Ege"]
[Result "1-0"]
[WhiteElo "2508"]
[BlackElo "2321"]
[EventDate "2014.10.06"]
[PlyCount "109"]

1.d4 d5 2.c4 c6 3.Nf3 Nf6 4.Nc3 e6 5.g3 Nbd7 6.Bg2 b6 7.O-O Bb7 8.Nd2 Be7 
9.e4 dxe4 10.Ndxe4 O-O 11.Bf4 Nxe4 12.Nxe4 Nf6 13.Be5 Nxe4 14.Bxe4 f6 15.
Bf4 Qd7 16.Qe2 Rad8 17.Rad1 Rfe8 18.a3 Ba6 19.Qc2 f5 20.Bg2 Qc8 21.Rfe1 
Bf6 22.Be5 Bxe5 23.Rxe5 c5 24.dxc5 Rxd1+ 25.Qxd1 Qc7 26.Qe1 Bxc4 27.Rxf5 
Rd8 28.Re5 bxc5 29.Bf3 Qb6 30.Bg4 Rd6 31.h4 h6 32.h5 Qxb2 33.Rxc5 Qd4 34.
Rc8+ Kf7 35.Qb4 Ba6 36.Rc7+ Kf6 37.Rxa7 Qxb4 38.axb4 Bd3 39.Bf3 e5 40.Rb7 
e4 41.Bg4 Rc6 42.Rd7 Rc1+ 43.Kg2 Rb1 44.Rd6+ Kf7 45.Bf5 Rxb4 46.g4 Ke7 47.
Rg6 Kf7 48.Kg3 Rd4 49.Rb6 Ra4 50.Bg6+ Ke7 51.Rb7+ Kf8 52.Rf7+ Kg8 53.Re7 
Bb5 54.Rb7 Ra3+ 55.Kg2 1-0

[Event "53rd World U20 ch"]
[Site "Pune IND"]
[Date "2014.10.15"]
[Round "9.17"]
[White "Karthikeyan, Murali"]
[Black "Rajdeep, Sarkar"]
[Result "1-0"]
[WhiteElo "2495"]
[BlackElo "2145"]
[EventDate "2014.10.06"]
[PlyCount "111"]

1.e4 e5 2.Nf3 Nc6 3.Bb5 g6 4.d4 exd4 5.c3 a6 6.Bc4 Bg7 7.cxd4 Nge7 8.d5 
Na5 9.Be2 b5 10.O-O d6 11.Qc2 O-O 12.Bd2 c5 13.dxc6 Naxc6 14.Bc3 Ne5 15.
Rd1 Qc7 16.Qd2 Nxf3+ 17.Bxf3 Be5 18.Bb4 Qb6 19.Nc3 Bb7 20.Bxd6 Rfd8 21.
Bxe5 Rxd2 22.Rxd2 f6 23.Bg3 Rd8 24.Nd5 Bxd5 25.Rad1 Rd7 26.exd5 Nf5 27.Bg4
Qc5 28.Bxf5 gxf5 29.b3 a5 30.Bf4 a4 31.bxa4 bxa4 32.g3 h5 33.h4 Kf7 34.d6 
Qc4 35.a3 Qc5 36.Rd3 Kg6 37.Rc1 Qb5 38.Re3 Qb2 39.Rec3 Qb6 40.Rc4 Rxd6 41.
Bxd6 Qxd6 42.Rxa4 Qd2 43.Rcc4 Qe1+ 44.Kg2 Qe5 45.Rf4 Qb2 46.Rf3 Qb7 47.Rf4
Qb1 48.Rxf5 Qa1 49.Ra5 Qd4 50.a4 Qc4 51.Rf4 Qc6+ 52.Kh2 Qc3 53.Ra6 Kg7 54.
Raxf6 Qxf6 55.Rxf6 Kxf6 56.a5 1-0

[Event "53rd World U20 ch"]
[Site "Pune IND"]
[Date "2014.10.15"]
[Round "9.18"]
[White "Codenotti, Marco"]
[Black "Bajarani, Ulvi"]
[Result "1/2-1/2"]
[WhiteElo "2357"]
[BlackElo "2496"]
[EventDate "2014.10.06"]
[PlyCount "61"]

1.d4 Nf6 2.c4 e6 3.Nc3 Bb4 4.e3 O-O 5.Ne2 d5 6.a3 Bd6 7.Ng3 c5 8.dxc5 Bxc5
9.b4 Be7 10.cxd5 exd5 11.Bd3 Nc6 12.Nce2 Ne5 13.Bb2 Nc4 14.Bd4 a5 15.O-O 
axb4 16.axb4 Rxa1 17.Qxa1 Nd2 18.Rd1 Nb3 19.Qb2 Nxd4 20.Qxd4 Bg4 21.h3 
Bxe2 22.Bxe2 g6 23.e4 Nxe4 24.Nxe4 dxe4 25.Qxe4 Qc7 26.Bf3 b6 27.g3 Rb8 
28.Kg2 Bf8 29.h4 Rc8 30.b5 Rd8 31.Rxd8 1/2-1/2

[Event "53rd World U20 ch"]
[Site "Pune IND"]
[Date "2014.10.15"]
[Round "9.19"]
[White "Ritviz, Parab"]
[Black "Ducarmon, Quinten"]
[Result "0-1"]
[WhiteElo "2205"]
[BlackElo "2487"]
[EventDate "2014.10.06"]
[PlyCount "110"]

1.e4 c6 2.d4 d5 3.Nc3 dxe4 4.Nxe4 Bf5 5.Ng3 Bg6 6.Nf3 e6 7.Bd3 Nf6 8.O-O 
Nbd7 9.Bf4 Be7 10.c4 O-O 11.Bxg6 hxg6 12.Qc2 a5 13.b3 a4 14.b4 a3 15.Rab1 
b5 16.Ne5 Qc8 17.Qd3 Nxe5 18.Bxe5 bxc4 19.Qxc4 Nd5 20.Ne4 Rd8 21.Nc5 Nb6 
22.Qc3 Na4 23.Qc2 Nxc5 24.dxc5 Rd5 25.Bc3 Qa6 26.Qe4 Rad8 27.h3 Rd3 28.
Rfc1 Qb5 29.Kh2 Bg5 30.Qe5 Bf6 31.Qe1 Qb8+ 32.g3 Bg5 33.Rc2 R8d5 34.Qe4 
Qb5 35.h4 Be7 36.Rcc1 Bf6 37.Bxf6 gxf6 38.Rc2 Rd2 39.Rbc1 Kg7 40.Kg2 R2d4 
41.Qe3 Qxb4 42.Rc3 Re4 43.Qf3 Rd2 44.Rxa3 Rxf2+ 45.Qxf2 Qxa3 46.Rc2 f5 47.
Qd2 Re3 48.Qf2 Qd3 49.Rb2 e5 50.Kh2 Rf3 51.Qe1 e4 52.a4 Qa3 53.Rb4 Qa2+ 
54.Kg1 Rd3 55.h5 Qc2 0-1

[Event "53rd World U20 ch"]
[Site "Pune IND"]
[Date "2014.10.15"]
[Round "9.20"]
[White "Beradze, Irakli"]
[Black "Kantans, Toms"]
[Result "1-0"]
[WhiteElo "2318"]
[BlackElo "2485"]
[EventDate "2014.10.06"]
[PlyCount "187"]

1.Nf3 Nf6 2.c4 e6 3.b3 d5 4.Bb2 a5 5.e3 a4 6.Na3 Be7 7.Be2 O-O 8.O-O Nc6 
9.d3 Nb4 10.Nc2 c5 11.Nxb4 cxb4 12.Rc1 Qa5 13.Ne5 Bd7 14.Bf3 Rfc8 15.Nxd7 
Nxd7 16.cxd5 Rxc1 17.Qxc1 exd5 18.Qc2 Bf6 19.Bxf6 Nxf6 20.Rc1 h6 21.g3 
axb3 22.axb3 Qa3 23.Kg2 Re8 24.Qb1 b6 25.Rc7 g5 26.h3 Kg7 27.Qc2 Qa6 28.d4
Qa8 29.Qd2 Rc8 30.Rxc8 Qxc8 31.Qxb4 Qc2 32.Kg1 Qb1+ 33.Kh2 Qc2 34.Kg1 Qb1+
35.Kg2 Qc2 36.Qb5 Ne4 37.Be2 Nc3 38.Qc6 Qxb3 39.Bh5 Qc2 40.Qc7 Qe4+ 41.Bf3
Qd3 42.Qxb6 Ne4 43.Qc7 Nd2 44.Qc1 Nxf3 45.Kxf3 Qf5+ 46.Kg2 h5 47.Qc7 Qe4+ 
48.Kg1 Kg6 49.Qc8 g4 50.Qg8+ Kf6 51.hxg4 hxg4 52.Qb8 Kg6 53.Qb3 f6 54.Qd1 
Kg5 55.Qb3 Kg6 56.Qb5 Qf3 57.Qd3+ Kg5 58.Qc2 Kh6 59.Kf1 Kg5 60.Ke1 Qh1+ 
61.Ke2 Qf3+ 62.Kd3 Qh1 63.Kc3 Qe1+ 64.Kb3 Qa1 65.Kb4 Qa7 66.Qe2 Qe7+ 67.
Kb5 Qc7 68.Kb4 Qe7+ 69.Kb5 Qc7 70.Qd3 f5 71.Qb3 Qb7+ 72.Ka4 Qa6+ 73.Kb4 
Qb6+ 74.Kc3 Qa5+ 75.Qb4 Qa2 76.Qb8 Kg6 77.Qd6+ Kh5 78.Kb4 Qxf2 79.Qe5 Kg6 
80.Kc5 Qa2 81.Qd6+ Kg5 82.Qf4+ Kg6 83.Qd6+ Kg5 84.Qe7+ Kg6 85.Kd6 Qb3 86.
Qe6+ Kg5 87.Qe5 Qb6+ 88.Kxd5 Qb5+ 89.Kd6 Qb8+ 90.Kd7 Qb7+ 91.Ke6 Qc6+ 92.
Kf7 Qg6+ 93.Ke7 Qh7+ 94.Kf8 1-0

[Event "53rd World U20 ch"]
[Site "Pune IND"]
[Date "2014.10.15"]
[Round "9.21"]
[White "Das, Sayantan"]
[Black "Arat, Ufuk Sezen"]
[Result "1-0"]
[WhiteElo "2456"]
[BlackElo "2357"]
[EventDate "2014.10.06"]
[PlyCount "75"]

1.e4 g6 2.d4 Bg7 3.Nc3 d6 4.Be3 a6 5.f4 b5 6.Nf3 Bb7 7.Bd3 Nf6 8.e5 Nd5 9.
Nxd5 Bxd5 10.Qe2 Nd7 11.a4 O-O 12.O-O c6 13.Ng5 e6 14.Nh3 c5 15.dxc5 dxe5 
16.axb5 e4 17.Bc4 axb5 18.Rxa8 Qxa8 19.Bxb5 Qb7 20.Rd1 Bc6 21.c4 Rb8 22.b4
Bxb5 23.cxb5 Nf6 24.c6 Qc7 25.Qc4 Nd5 26.Rxd5 exd5 27.Qxd5 Bf8 28.Ng5 Bxb4
29.Nxe4 Qa5 30.Ng5 Rf8 31.h3 Be7 32.Qe5 Bf6 33.Qxf6 Qe1+ 34.Kh2 Qxe3 35.c7
Qc1 36.b6 h6 37.Nf3 Re8 38.Ne5 1-0

[Event "53rd World U20 ch"]
[Site "Pune IND"]
[Date "2014.10.15"]
[Round "9.22"]
[White "Shailesh, Dravid"]
[Black "Idani, Pouya"]
[Result "0-1"]
[WhiteElo "2074"]
[BlackElo "2517"]
[EventDate "2014.10.06"]
[PlyCount "72"]

1.e4 e5 2.Nf3 Nc6 3.Bc4 Bc5 4.b4 Bxb4 5.c3 Be7 6.d4 Na5 7.Be2 d6 8.Qa4+ c6
9.dxe5 dxe5 10.Nxe5 b5 11.Qc2 Qc7 12.Nf3 Nf6 13.O-O O-O 14.Nbd2 Bg4 15.Re1
Nd7 16.Nf1 Rfe8 17.Ne3 Bh5 18.Nd4 Bg6 19.Nef5 Bf8 20.g3 a6 21.Bf4 Qb6 22.
Rad1 Rad8 23.Bf3 c5 24.Nb3 Nc4 25.Bg2 Nde5 26.Ne3 Nxe3 27.Bxe3 Bh5 28.Rxd8
Rxd8 29.f4 Ng4 30.c4 bxc4 31.Nd2 Qb4 32.Nf3 Nxe3 33.Rxe3 Bxf3 34.Bxf3 Rd2 
35.Qc1 Rb2 36.Re1 c3 0-1

[Event "53rd World U20 ch"]
[Site "Pune IND"]
[Date "2014.10.15"]
[Round "9.23"]
[White "Grover, Sahaj"]
[Black "Visakh, N. R."]
[Result "0-1"]
[WhiteElo "2491"]
[BlackElo "2300"]
[EventDate "2014.10.06"]
[PlyCount "86"]

1.e4 e5 2.Nf3 Nc6 3.Bb5 a6 4.Ba4 d6 5.Bxc6+ bxc6 6.d4 exd4 7.Nxd4 c5 8.Nf5
Nf6 9.Qf3 Bxf5 10.exf5 Be7 11.Nc3 O-O 12.O-O Rb8 13.b3 Re8 14.Bb2 d5 15.
Rad1 c6 16.Na4 Ne4 17.c4 Bf6 18.Bxf6 Nxf6 19.cxd5 cxd5 20.Nxc5 Qa5 21.Na4 
Rbc8 22.Qd3 Re5 23.h3 h5 24.Rd2 Qb5 25.Qf3 Rce8 26.Rd3 Qd7 27.g4 hxg4 28.
hxg4 Re4 29.Kh1 Rxg4 30.Rg1 Rh4+ 31.Kg2 Rg4+ 32.Kh1 Rh4+ 33.Kg2 Rg4+ 34.
Kh1 Rxg1+ 35.Kxg1 Re5 36.Nb6 Qb5 37.Re3 Re4 38.Rxe4 dxe4 39.Qe3 Qxf5 40.
Nc4 Qg4+ 41.Kf1 Nd5 42.Qd2 Nf4 43.Qd4 Qh5 0-1

[Event "53rd World U20 ch"]
[Site "Pune IND"]
[Date "2014.10.15"]
[Round "9.24"]
[White "Kumaran, Balaji"]
[Black "Gagare, Shardul"]
[Result "1/2-1/2"]
[WhiteElo "2239"]
[BlackElo "2419"]
[EventDate "2014.10.06"]
[PlyCount "181"]

1.b3 e5 2.Bb2 Nc6 3.e3 Nf6 4.Bb5 Bd6 5.Ne2 a6 6.Bxc6 dxc6 7.d3 Bg4 8.h3 
Be6 9.Nd2 Qe7 10.e4 Nd7 11.Ng3 g6 12.Qe2 h5 13.Ngf1 Ba3 14.Bxa3 Qxa3 15.
Ne3 Qe7 16.O-O O-O-O 17.Kh2 h4 18.Nec4 f5 19.exf5 gxf5 20.f4 exf4 21.Rae1 
Rh6 22.Rxf4 Qg5 23.Qe3 b6 24.Rf2 Qg7 25.Nf3 Qg3+ 26.Kh1 f4 27.Qe2 Bd5 28.
Ncd2 Re6 29.Qf1 Re3 30.Rfe2 Rde8 31.c4 Bxf3 32.Nxf3 Nc5 33.Rxe3 Rxe3 34.
Rxe3 fxe3 35.Kg1 Ne6 36.Qe1 Nf4 37.Qxg3 hxg3 38.Kf1 e2+ 39.Ke1 Nxg2+ 40.
Kxe2 Nf4+ 41.Ke3 Nxh3 42.Ne1 c5 43.Kf3 Ng1+ 44.Kxg3 Ne2+ 45.Kf3 Nc1 46.Ke4
Nxa2 47.Nc2 Kd7 48.d4 Kd6 49.Ke3 a5 50.Kd2 c6 51.dxc5+ Kxc5 52.Ne3 Kb4 53.
Kc2 Nc3 54.Kb2 Ne4 55.Nc2+ Kc5 56.Ne1 Nf2 57.Kc3 Ne4+ 58.Kb2 Ng3 59.Kc3 
Ne2+ 60.Kb2 Nf4 61.Kc3 Ne2+ 62.Kb2 Kd4 63.Nf3+ Ke4 64.Ng5+ Kf5 65.Nf7 Ke6 
66.Ng5+ Kf6 67.Ne4+ Ke5 68.Nd2 Kf4 69.Kc2 Ke3 70.Nf1+ Kd4 71.Nd2 Ng1 72.
Nb1 a4 73.Na3 Kc5 74.Kb2 Ne2 75.bxa4 Kb4 76.c5 bxc5 77.a5 Kxa5 78.Kb3 Nd4+
79.Kc4 Kb6 80.Kd3 Nf5 81.Nc4+ Kc7 82.Kc3 Nd4 83.Ne3 Nb5+ 84.Kc4 Kb6 85.Kd3
Nd4 86.Kc4 Nf3 87.Kc3 Kb5 88.Nc4 Nd4 89.Nd6+ Kb6 90.Kc4 Ne6 91.Ne4 1/2-1/2

[Event "53rd World U20 ch"]
[Site "Pune IND"]
[Date "2014.10.15"]
[Round "9.25"]
[White "Navalgund, Niranjan"]
[Black "Cabarkapa, Novak"]
[Result "1-0"]
[WhiteElo "2267"]
[BlackElo "2379"]
[EventDate "2014.10.06"]
[PlyCount "62"]

1.d4 Nf6 2.c4 g6 3.g3 Bg7 4.Bg2 d5 5.cxd5 Nxd5 6.e4 Nb6 7.Ne2 c5 8.d5 O-O 
9.O-O e6 10.Nec3 Na6 11.a4 Nb4 12.Be3 Bd4 13.Bxd4 cxd4 14.Na2 Nxa2 15.Rxa2
e5 16.f4 f6 17.b3 Bd7 18.Raf2 Qe7 19.a5 Nc8 20.fxe5 Qxe5 21.Nd2 d3 22.Nc4 
Qd4 23.Qa1 Qxa1 24.Rxa1 Bb5 25.Rd1 Bxc4 26.bxc4 b6 27.e5 fxe5 28.Rxf8+ 
Kxf8 29.d6 Rb8 30.Rxd3 Nxd6 31.Rxd6 bxa5 1-0

[Event "53rd World U20 ch"]
[Site "Pune IND"]
[Date "2014.10.15"]
[Round "9.26"]
[White "Prince, Bajaj"]
[Black "Sahoo, Utkal Ranjan"]
[Result "1/2-1/2"]
[WhiteElo "2369"]
[BlackElo "2170"]
[EventDate "2014.10.06"]
[PlyCount "88"]

1.e4 e5 2.Nf3 d6 3.d4 exd4 4.Nxd4 Nf6 5.Nc3 Nc6 6.Bb5 Bd7 7.O-O Be7 8.Bf4 
O-O 9.Nxc6 bxc6 10.Bc4 Be6 11.Qe2 Rb8 12.Bb3 Nd7 13.Be3 c5 14.f4 Bf6 15.
Rad1 Bxb3 16.axb3 Bxc3 17.bxc3 Re8 18.e5 Qe7 19.Qf2 dxe5 20.fxe5 Nxe5 21.
Bxc5 Ng4 22.Bxe7 Nxf2 23.Rde1 Ng4 24.h3 Nh6 25.Bc5 a6 26.Rxe8+ Rxe8 27.Ra1
Re6 28.Rd1 g5 29.g4 Kg7 30.Rd7 Rc6 31.Be3 Kg6 32.c4 f5 33.Rd5 Re6 34.Kf2 
f4 35.Bd4 Nf7 36.Rc5 c6 37.Rf5 h5 38.Kf3 hxg4+ 39.hxg4 Nd6 40.Rf8 Ne4 41.
c5 Nd2+ 42.Kf2 Ne4+ 43.Kf3 Nd2+ 44.Kf2 Ne4+ 1/2-1/2

[Event "53rd World U20 ch"]
[Site "Pune IND"]
[Date "2014.10.15"]
[Round "9.27"]
[White "Prasannaa, S."]
[Black "Nasanjargal, Urtnasan"]
[Result "0-1"]
[WhiteElo "2232"]
[BlackElo "2330"]
[EventDate "2014.10.06"]
[PlyCount "174"]

1.b3 Nf6 2.Bb2 e6 3.e3 d5 4.Nf3 Be7 5.g4 O-O 6.Rg1 Nc6 7.Bb5 Nd7 8.g5 Bd6 
9.Nc3 Ne7 10.Bxd7 Bxd7 11.Ne2 Nc6 12.Ned4 Nxd4 13.Bxd4 c5 14.Bb2 Qc7 15.h4
e5 16.Nh2 a5 17.c4 e4 18.Ng4 Bxg4 19.Rxg4 Be5 20.Bxe5 Qxe5 21.cxd5 f5 22.
gxf6 Qxf6 23.Rf4 Qe5 24.Rxf8+ Rxf8 25.Rc1 Qxd5 26.Qg4 Rxf2 27.Qc8+ Kf7 28.
Qc7+ Kf6 29.Qb6+ Kf7 30.Qc7+ Kg8 31.Qc8+ Rf8 32.Qxc5 Qd8 33.Qc4+ Kh8 34.
Qxe4 h6 35.Rc4 Qf6 36.Qg2 Qb2 37.Rc7 Rd8 38.h5 Qa1+ 39.Ke2 Qe5 40.Rc2 
Qxh5+ 41.Qf3 Qb5+ 42.Kd1 Qb4 43.Qf5 a4 44.bxa4 Qxa4 45.d4 Re8 46.Qd3 Qb4 
47.Rd2 Qa4+ 48.Rc2 Qb4 49.Rd2 Qe7 50.Re2 Rf8 51.d5 Qe5 52.Qd4 Qxd4+ 53.
exd4 Kh7 54.Kd2 h5 55.Kd3 h4 56.d6 g5 57.d7 Rd8 58.Re7+ Kg6 59.Ke4 Kf6 60.
Rh7 Ke6 61.d5+ Kd6 62.Kf5 Rxd7 63.Rh6+ Kc5 64.Kxg5 Rxd5+ 65.Kxh4 Rd2 66.
Kg3 Rxa2 67.Kf3 b5 68.Ke3 Kc4 69.Rc6+ Kb3 70.Kd3 b4 71.Rc8 Rh2 72.Rb8 Ka3 
73.Kc4 Rc2+ 74.Kd3 b3 75.Ra8+ Kb2 76.Rb8 Rc3+ 77.Kd2 Rc7 78.Ra8 Rd7+ 79.
Ke2 Kc2 80.Rc8+ Kb1 81.Rb8 b2 82.Ra8 Rd5 83.Ra7 Kc2 84.Rc7+ Kb3 85.Rb7+ 
Kc3 86.Rc7+ Kb4 87.Rb7+ Rb5 0-1

[Event "53rd World U20 ch"]
[Site "Pune IND"]
[Date "2014.10.15"]
[Round "9.28"]
[White "Puranik, Abhimanyu"]
[Black "Gajwa, Ankit"]
[Result "1/2-1/2"]
[WhiteElo "2269"]
[BlackElo "2110"]
[EventDate "2014.10.06"]
[PlyCount "69"]

1.e4 c5 2.Nf3 d6 3.d4 cxd4 4.Nxd4 Nf6 5.Nc3 g6 6.Be3 Bg7 7.f3 O-O 8.Qd2 
Nc6 9.Bc4 Bd7 10.O-O-O Rc8 11.Bb3 Nxd4 12.Bxd4 b5 13.h4 a5 14.a4 bxa4 15.
Nxa4 Bxa4 16.Bxa4 Rc4 17.Bb3 Nxe4 18.Qe1 Rxd4 19.Rxd4 Bxd4 20.Qxe4 Bg7 21.
h5 e6 22.hxg6 hxg6 23.Qh4 Qxh4 24.Rxh4 Rb8 25.Rc4 d5 26.Rc5 a4 27.Bxa4 
Bxb2+ 28.Kd2 Bd4 29.Rc7 Be5 30.Ra7 Rc8 31.Bb5 Kg7 32.Bd7 Rc7 33.Rxc7 Bxc7 
34.c4 dxc4 35.Kc3 1/2-1/2

[Event "53rd World U20 ch"]
[Site "Pune IND"]
[Date "2014.10.15"]
[Round "9.29"]
[White "Pranav, Shetty"]
[Black "Westerberg, Jonathan"]
[Result "1/2-1/2"]
[WhiteElo "2191"]
[BlackElo "2420"]
[EventDate "2014.10.06"]
[PlyCount "231"]

1.e4 c5 2.Nf3 Nc6 3.d4 cxd4 4.Nxd4 Nf6 5.Nc3 e6 6.Ndb5 Bc5 7.Bf4 O-O 8.Bc7
Qe7 9.Bd6 Bxd6 10.Qxd6 Ne8 11.Qxe7 Nxe7 12.O-O-O f5 13.f3 fxe4 14.fxe4 Ng6
15.a4 Ne5 16.Be2 Rf2 17.Rhg1 Kf8 18.Nd4 Ke7 19.Nf3 d6 20.Rde1 Bd7 21.Nd1 
Rxe2 22.Rxe2 Bxa4 23.Nxe5 dxe5 24.Nc3 Bc6 25.Rd1 b5 26.Nb1 b4 27.Nd2 Bb5 
28.Re3 Rc8 29.Nf3 Rc5 30.b3 Nd6 31.Kb2 Bc6 32.Nd2 a5 33.Ra1 Be8 34.c3 Nb5 
35.cxb4 axb4 36.Nc4 Nd4 37.Rc1 Bh5 38.Nd2 Rxc1 39.Kxc1 Ne2+ 40.Kb2 Nf4 41.
Nc4 Kf6 42.g3 Ng2 43.Rd3 Bg6 44.Rf3+ Ke7 45.Nxe5 Bxe4 46.Rf7+ Kd6 47.Nc4+ 
Kc6 48.Kc1 Ne1 49.Kd2 Nd3 50.Ke3 Nc5 51.Rxg7 Bc2 52.Nd2 Kd6 53.Rg4 Nxb3 
54.Nxb3 Bxb3 55.Rxb4 Bc2 56.Rb5 Ke7 57.Kf4 Kf6 58.Rc5 Bd3 59.g4 h6 60.Rh5 
Kg6 61.Re5 Bc4 62.h4 Bb3 63.Re3 Bd5 64.Ke5 Kg7 65.h5 Ba2 66.Ra3 Bb1 67.
Ra7+ Kh8 68.Kf6 e5 69.Re7 Kg8 70.Rb7 Bd3 71.Rd7 Bc2 72.Re7 Bd3 73.g5 hxg5 
74.Kxg5 e4 75.Kh6 Kf8 76.Re5 Kf7 77.Kg5 Kg7 78.Re7+ Kg8 79.Kf6 e3 80.Rxe3 
Bc4 81.Kg6 Bf7+ 82.Kh6 Kh8 83.Ra3 Bd5 84.Ra7 Bc4 85.Rh7+ Kg8 86.Rc7 Bd3 
87.Rg7+ Kh8 88.Rc7 Kg8 89.Rd7 Bc2 90.Rd8+ Kf7 91.Rc8 Bd3 92.Rc3 Bb1 93.Rg3
Bc2 94.Rg7+ Kf8 95.Rg6 Kf7 96.Kh7 Bd3 97.Kh6 Bc2 98.Rc6 Bd3 99.Rc8 Be4 
100.Kg5 Kg7 101.Rc7+ Kh8 102.Rd7 Bc2 103.Kf6 Bb1 104.Kg5 Bc2 105.Kh6 Kg8 
106.Rg7+ Kf8 107.Rg1 Bd3 108.Rd1 Bc2 109.Rd2 Bb1 110.Rf2+ Kg8 111.Rf6 Bc2 
112.Rc6 Bb1 113.Rg6+ Bxg6 114.hxg6 Kh8 115.g7+ Kg8 116.Kg6 1/2-1/2

[Event "53rd World U20 ch"]
[Site "Pune IND"]
[Date "2014.10.15"]
[Round "9.30"]
[White "Vignesh, N. R."]
[Black "Ronka, Erik"]
[Result "1-0"]
[WhiteElo "2360"]
[BlackElo "2183"]
[EventDate "2014.10.06"]
[PlyCount "63"]

1.e4 e5 2.Nf3 Nc6 3.Bb5 f5 4.Nc3 fxe4 5.Nxe4 Nf6 6.Qe2 d5 7.Ng3 Bd6 8.
Bxc6+ bxc6 9.Nxe5 O-O 10.O-O Re8 11.d4 c5 12.c3 cxd4 13.cxd4 c5 14.Qd1 
cxd4 15.Nf3 Ba6 16.Re1 Rxe1+ 17.Qxe1 Qb6 18.Qe6+ Kh8 19.Ng5 h6 20.Nf7+ Kh7
21.Qf5+ Kg8 22.Nxh6+ Kh8 23.Bg5 Rf8 24.Re1 Nh7 25.Qxd5 Nxg5 26.Qxg5 Bxg3 
27.Nf5 Bxf2+ 28.Kh1 Qf6 29.Qh5+ Qh6 30.Nxh6 Bxe1 31.Nf5+ Kg8 32.Ne7# 1-0

[Event "53rd World U20 ch"]
[Site "Pune IND"]
[Date "2014.10.15"]
[Round "9.31"]
[White "Mohammad, Ashraf"]
[Black "Sidhant, Mohapatra"]
[Result "1-0"]
[WhiteElo "2132"]
[BlackElo "2382"]
[EventDate "2014.10.06"]
[PlyCount "53"]

1.e4 c5 2.Nf3 d6 3.d4 cxd4 4.Nxd4 Nf6 5.f3 e5 6.Nb3 a5 7.c4 Be6 8.Be3 Be7 
9.Nc3 O-O 10.Be2 a4 11.Nd2 Qa5 12.Rc1 Nc6 13.Ndb1 Rfc8 14.O-O Bd8 15.Kh1 
Ne8 16.Nb5 Be7 17.N1c3 Nd4 18.Nxd4 exd4 19.Bxd4 Bxc4 20.Bxc4 Rxc4 21.Nd5 
Rxc1 22.Nxe7+ Kf8 23.Qxc1 Kxe7 24.a3 Kf8 25.Rd1 Qb5 26.Bc3 Rc8 27.Bxg7+ 
1-0

[Event "53rd World U20 ch"]
[Site "Pune IND"]
[Date "2014.10.15"]
[Round "9.32"]
[White "Von Meijenfeldt, Bart"]
[Black "Muthaiah, A. L."]
[Result "1-0"]
[WhiteElo "2354"]
[BlackElo "2215"]
[EventDate "2014.10.06"]
[PlyCount "57"]

1.e4 c5 2.Nf3 Nc6 3.d4 cxd4 4.Nxd4 g6 5.c4 Bg7 6.Be3 Nf6 7.Nc3 Ng4 8.Qxg4 
Nxd4 9.Qd1 Ne6 10.Rc1 Qa5 11.Bd3 d6 12.O-O Nc5 13.Bb1 Be6 14.Bd2 Qd8 15.b4
Nd7 16.Nd5 Bxd5 17.cxd5 O-O 18.Bd3 Qb6 19.Qb3 Bd4 20.a4 a5 21.Bb5 Ne5 22.
bxa5 Qa7 23.Qh3 f5 24.Rc7 fxe4 25.Rxe7 Bxf2+ 26.Kh1 Rf7 27.Qe6 Rf8 28.Bh6 
Kh8 29.Rxf7 1-0